Matematika pre 3. ročník ZŠ. Pracovný zošit 2

Bibliographic Details
Main Authors: Bero, Peter, 1950- (Author), Pytlová, Zuzana (Author)
Other Authors: Ondráš, Ľubor (Illustrator)
Format: Book
Language:Slovak
PhysicalDescription:80 s. fareb. ilustr. 30 cm
Published: Bratislava Orbis Pictus Istropolitana 2003
ISBN:8071584851
Edition:[2. vyd.]
Subjects:

MARC

LEADER 00000nam a2200000 a 4500
001 vtls001469515
003 SK-MaSNL
005 20260302055756.0
008 240315s2003 xo a slo
015 |a SNBA2004/04-02872 
020 |a 8071584851 
035 |a SNK000424820 
035 |a urn:nbn:sk:snk-amluip 
035 |a urn:nbn:sk:snk-am00ccdk 
035 |a 2A65390D-9EF5-4F43-91AB-D2DDDFB590FA 
040 |a SNK  |b slo  |c SNK  |e AACR2 
041 0 |a slo 
044 |a xo  |c SK 
072 7 |a 51  |2 konspekt 
080 |a 37.016:51-028.31(075.2)(076.5)  |2 2. slo 
080 |a 51  |2 1981 
080 |a (075.2)  |2 1981 
080 |a (076.1)  |2 1981 
100 1 |a Bero, Peter,  |d 1950-  |4 aut  |9 215146 
245 1 |a Matematika pre 3. ročník ZŠ. Pracovný zošit  |n 2  |c [autori: Peter Bero, Zuzana Pytlová ; ilustrácie: Ľubor Ondráš] 
250 |a [2. vyd.] 
260 |a Bratislava  |b Orbis Pictus Istropolitana  |c 2003 
300 |a 80 s.  |b fareb. ilustr.  |c 30 cm 
500 |a Fareb. ilustr. na tit. strane 
650 0 7 |a matematika  |x učebnice zákl. škôl (3. roč.)  |x zošity pracovné  |2 SNK  |9 282421 
650 0 7 |a matematika  |2 eng  |2 SNK  |9 70174 
655 7 |a učebnice  |2 SNK  |9 22521 
655 7 |a učebnice základných škôl  |2 SNK  |9 70187 
655 7 |a pracovné zošity  |2 SNK  |9 70188 
700 1 |a Pytlová, Zuzana  |4 aut  |9 18966 
700 1 |a Ondráš, Ľubor  |4 ill  |9 10095 
919 |a 80-7158-485-1 
968 |d 37 
999 |c 1118621  |d 1120551 
952 |t P60, <03>, [BOOK], {603}  |a SNK  |b SNK  |y PREZ  |7 0  |p 17A0415991  |o snkSB 68122/2  |i snkKSP 2897/2004  |0 0  |1 0  |4 0  |d 2004-02-26  |f 1  |l 0  |r 2025-04-22 00:00:00  |w 2026-02-24 
952 |t P60, <04>, [BOOK], {604}  |a SNK  |b SNK  |y VYP  |7 0  |p 17A0415990  |o snkSB 68122/2 D1  |i snkKSP 2898/2004  |0 0  |1 0  |4 0  |d 2004-02-26  |l 0  |r 2005-01-02 00:00:00  |w 2026-02-24